[Event "FRA-chT2D 0506"]
[Site "France"]
[Date "2006.03.12"]
[Round "9.1"]
[White "Wegerle, Joerg"]
[Black "Herrmann, Jean Philipp"]
[Result "1-0"]
[WhiteElo "2428"]
[BlackElo "2239"]
[PlyCount "91"]
[EventDate "2005.10.27"]
[EventType "team-tourn"]
[EventRounds "11"]
[EventCountry "FRA"]
[SourceTitle "EXT 2006"]
[Source "ChessBase"]
[SourceDate "2005.11.24"]
[SourceVersion "1"]
[SourceVersionDate "2005.11.24"]
[SourceQuality "1"]
[WhiteTeam "Selestat"]
[BlackTeam "Nancy"]
[WhiteTeamCountry "FRA"]
[BlackTeamCountry "FRA"]

1. e4 c5 2. Nf3 d6 3. d4 cxd4 4. Nxd4 Nf6 5. Nc3 g6 6. Be2 Bg7 7. 0-0 Nc6 8. Nb3 0-0 9. Re1 Be6 10. Bf4 Rc8 11. Bf1 Ng4 12. Qd2 Re8 13. h3 Nge5 14. Nd5 f5 15. exf5 Bxf5 16. c3 Nf7 17. Rad1 Bd7 18. Bg3 e6 19. Ne3 d5 20. Nc5 Nce5 21. Nxd7 Nxd7 22. Bd3 Nde5 23. Bb5 Rf8 24. Nc2 Qf6 25. Nd4 a6 26. Bf1 Rce8 27. Qe3 g5 28. Be2 Ng6 29. Bh5 Nf4 30. Bxf7+ Rxf7 31. Nf3 e5 32. Nh2 e4 33. Bxf4 gxf4 34. Qc5 d4 35. cxd4 Qh4 36. Nf3 Qd8 37. Ne5 Rc7 38. Qb6 Ree7 39. Qb3+ Kh8 40. Rxe4 Rcd7 41. Rde1 Bxe5 42. Rxe5 Rxe5 43. dxe5 Rg7 44. e6 Qd2 45. Qc3 Qd5 46. Qxg7+ 1-0

[Event "FRA-chT2D 0506"]
[Site "France"]
[Date "2006.03.11"]
[Round "8.2"]
[White "Herrmann, Jean Philipp"]
[Black "Kurmann, Oliver"]
[Result "1/2-1/2"]
[WhiteElo "2239"]
[BlackElo "2296"]
[PlyCount "134"]
[EventDate "2005.10.27"]
[EventType "team-tourn"]
[EventRounds "11"]
[EventCountry "FRA"]
[SourceTitle "EXT 2006"]
[Source "ChessBase"]
[SourceDate "2005.11.24"]
[SourceVersion "1"]
[SourceVersionDate "2005.11.24"]
[SourceQuality "1"]
[WhiteTeam "Nancy"]
[BlackTeam "Mulhouse"]
[WhiteTeamCountry "FRA"]
[BlackTeamCountry "FRA"]

1. e4 c5 2. Nc3 e6 3. g3 Nc6 4. Bg2 g6 5. f4 d6 6. Nf3 Bg7 7. d3 Nge7 8. Be3 0-0 9. 0-0 b6 10. Qc1 d5 11. Ne2 Ba6 12. e5 f6 13. exf6 Bxf6 14. Re1 Qd6 15. Nc3 Rae8 16. a4 Nf5 17. Bf2 Nfd4 18. Nxd4 Nxd4 19. Nb5 Bxb5 20. axb5 Re7 21. Ra6 Nxb5 22. c3 Qd7 23. Qc2 Nd6 24. Bh3 Rfe8 25. Rea1 Nc8 26. Qb3 Kh8 27. Qa3 Qc6 28. Bf1 Qd7 29. d4 c4 30. b3 cxb3 31. Qxb3 Qd6 32. Be3 Rg7 33. c4 dxc4 34. Qxc4 g5 35. fxg5 Bxg5 36. Bf2 Rf7 37. Re1 Ref8 38. Ra2 Rf6 39. Bh3 Qd5 40. Bxe6 Qxc4 41. Bxc4 Nd6 42. Bd3 Rf3 43. Bf1 Bf6 44. Kg2 Bg7 45. Bg1 R3f7 46. Bd3 Rd7 47. Rea1 Nc8 48. Be2 Rd6 49. Rc1 Bxd4 50. Bg4 Bxg1 51. Bxc8 Bc5 52. Ba6 Rdf6 53. Rcc2 Rd8 54. Re2 Kg7 55. Re4 Rd1 56. Rg4+ Rg6 57. Rh4 Rg1+ 58. Kf3 Rf6+ 59. Ke4 Re1+ 60. Kd3 Rd6+ 61. Kc4 Rc1+ 62. Kb3 Rb1+ 63. Kc2 Rbd1 64. Rg4+ Kf6 65. Kc3 Bd4+ 66. Kc2 Be3 67. Kb3 Rb1+ 1/2-1/2

[Event "FRA-chT2D 0506"]
[Site "France"]
[Date "2005.12.04"]
[Round "4.4"]
[White "Guyard, Rodolphe"]
[Black "Herrmann, Jean Philipp"]
[Result "0-1"]
[WhiteElo "2166"]
[BlackElo "2221"]
[PlyCount "60"]
[EventDate "2005.10.27"]
[EventType "team-tourn"]
[EventRounds "11"]
[EventCountry "FRA"]
[SourceTitle "EXT 2006"]
[Source "ChessBase"]
[SourceDate "2005.11.24"]
[SourceVersion "1"]
[SourceVersionDate "2005.11.24"]
[SourceQuality "1"]
[WhiteTeam "Evry II"]
[BlackTeam "Nancy"]
[WhiteTeamCountry "FRA"]
[BlackTeamCountry "FRA"]

1. e4 c5 2. Nf3 d6 3. d4 cxd4 4. Nxd4 Nf6 5. Nc3 g6 6. Be3 Bg7 7. f3 Nc6 8. Qd2 0-0 9. 0-0-0 Nxd4 10. Bxd4 Be6 11. Kb1 Qc7 12. g4 Rfc8 13. h4 Qa5 14. Nd5 Qxd2 15. Nxf6+ Bxf6 16. Rxd2 Bxd4 17. Rxd4 Rc5 18. h5 g5 19. Rh2 Rac8 20. Rb4 R8c7 21. Rb5 Kg7 22. h6+ Kf6 23. Rxc5 dxc5 24. e5+ Kxe5 25. Bd3 Rd7 26. b3 Rxd3 27. cxd3 Kf4 28. Re2 Kxf3 29. Re4 Bxg4 30. Rxe7 Be6 0-1

[Event "AUT-chT2M 0203"]
[Site "Austria"]
[Date "2002.10.11"]
[Round "1"]
[White "Rogulj, Branko"]
[Black "Herrmann, Jean Philipp"]
[Result "1-0"]
[WhiteElo "2435"]
[BlackElo "2238"]
[PlyCount "83"]
[EventDate "2002.10.11"]
[EventType "team"]
[EventRounds "11"]
[EventCountry "AUT"]
[SourceTitle "CBM 090 Extra"]
[Source "ChessBase"]
[SourceDate "2002.11.07"]
[SourceVersion "1"]
[SourceVersionDate "2002.11.07"]
[SourceQuality "1"]

1. e4 b6 2. d4 Bb7 3. Nc3 e6 4. a3 d6 5. Nf3 Nd7 6. Bd3 Ne7 7. Qe2 a6 8. h4 c5 9. Be3 Qc7 10. 0-0-0 d5 11. exd5 Nxd5 12. Nxd5 Bxd5 13. Bc4 Bxc4 14. Qxc4 b5 15. Qc3 c4 16. d5 e5 17. h5 h6 18. Nh4 a5 19. Nf5 b4 20. d6 bxc3 21. dxc7 cxb2+ 22. Kxb2 Rc8 23. Rd5 Rxc7 24. Rxa5 f6 25. Kc3 Kf7 26. Rd1 Be7 27. a4 Rhc8 28. Nxe7 Kxe7 29. Rb5 Ra8 30. a5 f5 31. f4 Ke6 32. fxe5 Rc6 33. Rdd5 Raa6 34. Kb4 Ra8 35. Bf4 Nb8 36. Rd6+ Rxd6 37. exd6 Nc6+ 38. Ka4 Nd4 39. Re5+ Kd7 40. Re7+ Kc6 41. d7 Rd8 42. c3 1-0